Statistics for Countries and Capitals with an Empty Map

Click here to take the quiz!

General Stats

  • This quiz has been taken 46 times
  • The average score is 149 of 196

Answers on the Map

Answers color-coded by a green-red scale on the quiz's map according to % correct below.
 

Answer Stats

Country% Correct
Canada
94%
United States
94%
China
91%
Australia
88%
Russia
88%
United Kingdom
88%
Argentina
84%
Brazil
84%
Chile
84%
Denmark
84%
Egypt
84%
Finland
84%
France
84%
Germany
84%
Ireland
84%
Italy
84%
Japan
84%
Mexico
84%
Norway
84%
Peru
84%
South Africa
84%
Spain
84%
Sweden
84%
Ukraine
84%
Afghanistan
81%
Austria
81%
Belarus
81%
Bulgaria
81%
Colombia
81%
Cuba
81%
Czech Republic
81%
Dem. Rep. of the Congo
81%
Greece
81%
Iceland
81%
Indonesia
81%
Iran
81%
Iraq
81%
Israel
81%
Mongolia
81%
Netherlands
81%
New Zealand
81%
North Korea
81%
Panama
81%
Paraguay
81%
Philippines
81%
Portugal
81%
Republic of the Congo
81%
South Korea
81%
Uruguay
81%
Venezuela
81%
Vietnam
81%
Zimbabwe
81%
Algeria
78%
Andorra
78%
Angola
78%
Belgium
78%
Bolivia
78%
Bosnia and Herzegovina
78%
Cambodia
78%
Cameroon
78%
Chad
78%
Croatia
78%
El Salvador
78%
Ethiopia
78%
Fiji
78%
Ghana
78%
Hungary
78%
India
78%
Ivory Coast
78%
Jordan
78%
Kazakhstan
78%
Kenya
78%
Latvia
78%
Madagascar
78%
Morocco
78%
Niger
78%
Nigeria
78%
Pakistan
78%
Poland
78%
Romania
78%
Rwanda
78%
Saudi Arabia
78%
Serbia
78%
Switzerland
78%
Syria
78%
Togo
78%
Turkey
78%
Turkmenistan
78%
Uganda
78%
Zambia
78%
Bangladesh
75%
Botswana
75%
Costa Rica
75%
Djibouti
75%
Dominican Republic
75%
Ecuador
75%
Equatorial Guinea
75%
Eritrea
75%
Gabon
75%
Gambia
75%
Guinea
75%
Guyana
75%
Haiti
75%
Honduras
75%
Jamaica
75%
Lebanon
75%
Luxembourg
75%
Montenegro
75%
Namibia
75%
Oman
75%
Qatar
75%
Senegal
75%
Singapore
75%
Slovakia
75%
Slovenia
75%
Somalia
75%
South Sudan
75%
Sri Lanka
75%
Sudan
75%
Taiwan
75%
Tunisia
75%
Uzbekistan
75%
Yemen
75%
Albania
72%
Armenia
72%
Bahamas
72%
Benin
72%
Burkina Faso
72%
Burundi
72%
Cape Verde
72%
Cyprus
72%
Dominica
72%
Estonia
72%
Georgia
72%
Kosovo
72%
Kyrgyzstan
72%
Laos
72%
Lesotho
72%
Liberia
72%
Libya
72%
Lithuania
72%
Malawi
72%
Mali
72%
Malta
72%
Marshall Islands
72%
Mauritania
72%
Mauritius
72%
Moldova
72%
Monaco
72%
Mozambique
72%
Myanmar
72%
Nepal
72%
Nicaragua
72%
North Macedonia
72%
Papua New Guinea
72%
Seychelles
72%
Sierra Leone
72%
Solomon Islands
72%
Suriname
72%
Tajikistan
72%
Tanzania
72%
Thailand
72%
Trinidad and Tobago
72%
United Arab Emirates
72%
Vatican City
72%
Azerbaijan
69%
Bahrain
69%
Barbados
69%
Belize
69%
Bhutan
69%
Brunei
69%
Central African Republic
69%
Comoros
69%
East Timor
69%
Eswatini
69%
Guatemala
69%
Guinea Bissau
69%
Liechtenstein
69%
Malaysia
69%
Samoa
69%
San Marino
69%
São Tomé and Príncipe
69%
St. Kitts and Nevis
69%
Antigua and Barbuda
66%
Fed. States of Micronesia
66%
Grenada
66%
Kiribati
66%
Kuwait
66%
Maldives
66%
Nauru
66%
Palau
66%
St. Lucia
66%
Tonga
66%
Tuvalu
66%
Vanuatu
66%
St. Vincent and Grenadines
63%

Score Distribution

Percentile by Number Answered

Percent of People with Each Score

Your Score History

You have not taken this quiz